000 00747nam a2200289Ia 4500
001 48109
003 IT-RoPAU
008 130308s9999 xx 000 0 und d
040 _aIT-RoPAU
040 _cIT-RoPAU
041 _aITALIANO
100 _aFerrero Viale Mercedes
100 _gCodice Aut. SPICS: 18542
245 _aArazzo (L')
245 _bStoria della Pittura-08-Il Settecento
250 _a1a ed.
260 _aNOVARA
260 _bDe Agostini
260 _c1986 [1° Ed.:1986 - Ed.Ling.Originale:1986]
300 _a"13 p. (prefazione: no ; testo: 13 [pagine: 208-220])"
650 _aENCICLOPEDIE DI PITTURA
650 _eCodice materia Spics: 5201
942 _cBK
957 _71
999 _c47857
_d47857
999 _bSI
999 _g1